00720cam a22002052a 450000100060000000300080000600500170001400800410003103500230007203500350009504000360013004100080016608200200017410000370019424501090023126000330034030000300037350000630040365000480046623854BD-RjUL20211209000959.0140311t1967 e 000 0 eng u a(BD-RjUL)23919au5 aOCLC ocm04512219 from D941221M aACLdEQOdBD-RjULbengcBD-RjUL aeng04a920.7bALT 19671 aAllilueva, Svetlana,d1926-2011.10aTwenty letters to a friend /c[by] Svetlana Alliluyeva. Translated from the Russian by Priscilla Johnson aLondon :bHutchinson,c1967. a256 p. ;bport. ;c22 cm. aTranslation of Dvadt͡satʹ pisem k drugu (romanized form)1 a Allilueva, Svetlana, -- 1926-2011.